Populácia vo svetovej ekonomike

Problematika pracovných zdrojov, predovšetkým počet a štruktúra obyvateľstva určitého štátu a špecifickejšie štruktúra pracovnej sily, sa vzhľadom na rôzne exogénne a endogénne faktory, stáva čoraz dôležitejšou a pálčivejšou. Dôvodom je skutočnosť, že vetky tieto otázky sú úzko späté a vplývajú na s...

Descrizione completa

Salvato in:
Dettagli Bibliografici
Autore principale: Grešš, Martin, 1978-
Natura: Capitolo di libro
Lingua:slovacco
Soggetti:
Tags: Aggiungi Tag
Nessun Tag, puoi essere il primo ad aggiungerne!!

MARC

LEADER 00000nla$a2200000$$$4500
001 0064605
005 20240502071746.4
041 0 |a slo 
044 |a SK 
245 1 0 |a Populácia vo svetovej ekonomike  |c Martin Grešš 
520 |a Problematika pracovných zdrojov, predovšetkým počet a štruktúra obyvateľstva určitého štátu a špecifickejšie štruktúra pracovnej sily, sa vzhľadom na rôzne exogénne a endogénne faktory, stáva čoraz dôležitejšou a pálčivejšou. Dôvodom je skutočnosť, že vetky tieto otázky sú úzko späté a vplývajú na stav a perspektívy ekonomického, sociálneho, politického vývoja a rozvoja danej krajiny ako aj na usporiadanie ekonomickej a politickej sily v regionálnom či dokonca vo svetovom rozmere. 
610 2 0 |a zdroje síl pracovných 
610 2 0 |a úmrtnosť 
610 2 0 |a pôrodnosť 
610 2 0 |a starnutie populácie 
610 2 0 |a vek produktívny 
610 2 0 |a vek neproduktívny 
610 2 0 |a vývoj populačný 
610 2 0 |a krajiny rozvojové 
610 2 0 |a krajiny vyspelé 
100 1 |a Grešš, Martin, 1978-